Sudden Death Spelling: World Capitals #2 - Statistics

General Stats
  • This quiz has been taken 116 times
  • The average score is 9 of 12
Answers on the Grid
Answers color-coded by a green-red scale on the quiz's grid according to % correct below.
Castrous
Castrees
Castries
Naussa
Nausa
Nassau
Antananarivo
Antannanarivous
Anatanrivo
Windhoek
Windyhoke
Vindenhook
South Tara
South Tarawa
South Tarwu
Madrid
Maidrid
Madred
Fishkek
Bishkek
Biskeke
Dammascus
Damascus
Damaschus
Brazillai
Brassilia
Brasília
Santa Domingo
Santo Domingo
Santa Dominga
Willington
Wallington
Wellington
Kartoume
Kartoom
Khartoum
 
Answer Stats
Answer % Correct
Nassau
93%
Damascus
87%
Madrid
87%
Brasília
81%
Windhoek
80%
Bishkek
77%
Castries
77%
Wellington
77%
Antananarivo
76%
Khartoum
75%
Santo Domingo
69%
South Tarawa
63%
No matching quizzes found
Score Distribution
Percent of People with Each Score
Percentile by Number Answered
Your Score History
You have not taken this quiz